000 00617nam a22001817a 4500
003 BUBTL
008 190309b xxu||||| |||| 00| 0 eng d
020 _a978-984-404-217-1
082 _a891.443 / RAA
100 _91686
_aরায়হান,জহির
245 _aআরেক ফাল্গুন /
_cজহির রায়হান
260 _aঢাকা :
_bঅনুপম প্রকাশনী,
_cc1998.
300 _a72 p. :
_c22 cm.
650 0 _91699
_aবাংলা সাহিত্য
856 _k0
_l0
_yDownload
942 _2ddc
_cBK
999 _c5903
_d5903